|
|
|
|
| LEADER |
01928nam a2200433 i 4500 |
| 001 |
EBC5309259 |
| 003 |
MiAaPQ |
| 005 |
20200520144314.0 |
| 006 |
m o d | |
| 007 |
cr cnu|||||||| |
| 008 |
180314t20182018nju ob 001 0 eng d |
| 020 |
|
|
|z 9781119106494
|
| 020 |
|
|
|a 9781119106456
|q (electronic bk.)
|
| 035 |
|
|
|a (MiAaPQ)EBC5309259
|
| 035 |
|
|
|a (Au-PeEL)EBL5309259
|
| 035 |
|
|
|a (CaPaEBR)ebr11517993
|
| 035 |
|
|
|a (OCoLC)1011557605
|
| 040 |
|
|
|a MiAaPQ
|b eng
|e rda
|e pn
|c MiAaPQ
|d MiAaPQ
|
| 050 |
|
4 |
|a HD1387
|b .G45 2018
|
| 082 |
0 |
|
|a 333.33/2
|2 23
|
| 100 |
1 |
|
|a Geltner, David,
|d 1951-
|e author.
|
| 245 |
1 |
0 |
|a Flexibility and real estate valuation under uncertainty :
|b a practical guide for developers /
|c by David Geltner, Massachusetts Institute of Technology, Richard de Neufville, Massachusetts Institute of Technology.
|
| 264 |
|
1 |
|a Hoboken, New Jersey :
|b Wiley Blackwell,
|c 2018.
|
| 264 |
|
4 |
|c 2018
|
| 300 |
|
|
|a 1 online resource (258 pages)
|
| 336 |
|
|
|a text
|2 rdacontent
|
| 337 |
|
|
|a computer
|2 rdamedia
|
| 338 |
|
|
|a online resource
|2 rdacarrier
|
| 504 |
|
|
|a Includes bibliographical references and index.
|
| 588 |
|
|
|a Description based on print version record.
|
| 590 |
|
|
|a Electronic reproduction. Ann Arbor, MI : ProQuest, 2018. Available via World Wide Web. Access may be limited to ProQuest affiliated libraries.
|
| 650 |
|
0 |
|a Real property
|x Valuation.
|
| 650 |
|
0 |
|a Real estate development.
|
| 650 |
|
0 |
|a Real estate investment.
|
| 655 |
|
4 |
|a Electronic books.
|
| 700 |
1 |
|
|a De Neufville, Richard,
|d 1939-
|e author.
|
| 776 |
0 |
8 |
|i Print version:
|a Geltner, David, 1951-
|t Flexibility and real estate valuation under uncertainty : a practical guide for developers.
|d Hoboken, New Jersey : Wiley, c2018
|h xxiiii, 258 pages
|z 9781119106494
|w 2017051519
|
| 797 |
2 |
|
|a ProQuest (Firm)
|
| 856 |
4 |
0 |
|u https://ebookcentral.proquest.com/lib/matrademy/detail.action?docID=5309259
|z Click to View
|